Die 10 größten Städte Südamerikas (2025) - Statistiken

Allgemein
  • Dieses Quiz wurde 62 mal gespielt
  • Das Durchschnittsergebnis liegt bei 7 aus 10
Antwortstatistiken
Hint Antwort Land Einwohnerzahl % Korrekt
2 Buenos Aires Argentinien 14,08 Millionen
98%
4 Lima Peru 10,58 Millionen
98%
6 Santiago Chile 6,73 Millionen
95%
5 Rio de Janeiro Brasilien 9,5 Millionen
93%
1 Sao Paulo Brasilien 18,95 Millionen
92%
3 Bogota Kolumbien 10,62 Millionen
88%
9 Medellin Kolumbien 3,35 Millionen
59%
7 Belo Horizonte Brasilien 4,16 Millionen
42%
8 Recife Brasilien 3,69 Millionen
36%
10 Fortaleza Brasilien 3,24 Millionen
27%
Keine übereinstimmenden Quizze gefunden
Verteilung der Resultate
Anzahl Personen mit jedem Resultat
Perzentil nach korrekt beantworteten Fragen
Ihre Resultats-Entwicklung
Sie haben dieses Quiz noch nicht gespielt